| 000 | 00343 a2200109 4500 | ||
|---|---|---|---|
| 001 | ART_45121 | ||
| 005 | 20260410162039.0 | ||
| 008 | 260409a | ||
| 245 | 1 | 0 | _aLa economía y el ambiente |
| 100 | 1 | _aNarodowski, Patricio | |
| 773 | 0 |
_tRevista de estudios regionales y mercado de trabajo _g- Nº 7 (ene./dic. 2011) _wREV44894 |
|
| 999 |
_c34680 _d34680 |
||